Singapore Post-Secondary Institutions - Statistics

General Stats
  • This quiz has been taken 114 times
  • The average score is 22 of 27
Answer Stats
Type Answer % Correct
Polytechnics Nanyang Polytechnic (NYP)
99%
Polytechnics Ngee Ann Polytechnic (NP)
98%
Polytechnics Singapore Polytechnic (SP)
96%
Polytechnics Temasek Polytechnic (TP)
94%
Institutes of Technical Education ITE College East
90%
Institutes of Technical Education ITE College West
90%
Junior Colleges Raffles Institution (RI)
90%
Institutes of Technical Education ITE College Central
89%
Polytechnics Republic Polytechnic (RP)
89%
Junior Colleges Nanyang Junior College (NYJC)
88%
Junior Colleges Anderson Serangoon Junior College (ASRJC)
87%
Junior Colleges Yishun Innova Junior College (YIJC)
87%
Junior Colleges Temasek Junior College (TJC)
84%
Junior Colleges National Junior College (NJC)
83%
Junior Colleges Anglo-Chinese Junior College (ACJC)
80%
Junior Colleges Eunoia Junior College (EJC)
80%
Junior Colleges Jurong Pioneer Junior College (JPJC)
79%
Junior Colleges Catholic Junior College (CJC)
78%
Junior Colleges Hwa Chong Institution (HCI)
78%
Junior Colleges St. Andrew's Junior College (SAJC)
74%
Junior Colleges Tampines Meridian Junior College (TMJC)
74%
Centralised Institutes Millennia Institute (MI)
73%
Junior Colleges Victoria Junior College (VJC)
70%
Junior Colleges Anglo-Chinese School (Independent) (ACS(I))
63%
Junior Colleges River Valley High School (RVHS)
51%
Junior Colleges Dunman High School (DHS)
49%
Junior Colleges St. Joseph's Institution (SJI)
48%
No matching quizzes found
Score Distribution
Percent of People with Each Score
Percentile by Number Answered
Your Score History
You have not taken this quiz